000 00305nam a22001337a 4500
008 170213b xxu||||| |||| 00| 0 eng d
020 _a9780323054928
041 _aeng
080 _25TH
_a61
100 _a4
101 _aSHM
245 _aTHE HUMAN BODY IN HEALTH & DISEASE
_cTHIBODEAU
942 _2udc
_cBK
999 _c5261
_d5261